|
|
|
|
| LEADER |
00000nam0a2200000 4500 |
| 001 |
279228 |
| 005 |
20231101235205.0 |
| 035 |
|
|
|a (RuTPU)RU\TPU\book\302506
|
| 090 |
|
|
|a 279228
|
| 100 |
|
|
|a 20141217d1985 k y0rusy50 ca
|
| 101 |
0 |
|
|a rus
|
| 102 |
|
|
|a UA
|
| 105 |
|
|
|a a z 001zy
|
| 200 |
1 |
|
|a Научно-технические проблемы подземной разработки железорудных месторождений
|e сборник научных трудов
|f Научно-исследовательский горнорудный институт (НИГРИ) ; под ред. А. Р. Черненко
|
| 210 |
|
|
|a Кривой Рог
|c [Б. и.]
|d 1985
|
| 215 |
|
|
|a 82 с.
|c ил.
|
| 320 |
|
|
|a Библиография в конце глав
|
| 606 |
1 |
|
|a Месторождения полезных ископаемых
|x Разработка, подземная
|2 stltpush
|3 (RuTPU)RU\TPU\subj\67492
|9 83267
|
| 610 |
1 |
|
|a железорудные месторождения
|
| 610 |
1 |
|
|a подземный способ
|
| 610 |
1 |
|
|a горное давление
|
| 610 |
1 |
|
|a механика
|
| 610 |
1 |
|
|a горные породы
|
| 610 |
1 |
|
|a механизация
|
| 610 |
1 |
|
|a автоматизация
|
| 675 |
|
|
|a 622.272
|v 4
|
| 702 |
|
1 |
|a Черненко
|b А. Р.
|4 340
|
| 712 |
0 |
2 |
|a Научно-исследовательский горнорудный институт (НИГРИ)
|c (Украина, Кривой Рог)
|2 stltpush
|3 (RuTPU)RU\TPU\col\19895
|
| 801 |
|
1 |
|a RU
|b 63413507
|c 20141217
|
| 801 |
|
2 |
|a RU
|b 63413507
|c 20180129
|g RCR
|
| 942 |
|
|
|c BK
|